000 01392nam a2200373 i 4500
001 95931
003 FINmELB
005 20241217172533.0
006 m o u
007 cr cn|||||||||
008 220726s2022 cl ob 000 0 spa d
020 _z9789569843303
020 _a9789569843310
_q(e-book)
035 _a(OCoLC)1342051572
040 _aFINmELB
_bspa
_erda
_cFINmELB
050 1 4 _aN6502
_bL925 2022
080 _a7(8)
082 0 4 _a709.8
_223
100 1 _aLópez, Miguel A.
245 1 0 _aRobar la historia :
_bcontrarrelatos y prácticas artísticas de oposición /
_cMiguel A. López.
264 1 _aSantiago de Chile :
_bEdiciones Metales Pesados,
_c2022.
300 _a1 recurso en línea (216 páginas)
336 _atexto
_btxt
_2rdamedia/spa
337 _acomputadora
_bc
_2rdamedia/spa
338 _arecurso en línea
_bcr
_2rdacarrier/spa
504 _aContiene bibliografía.
588 _aDescripción basada en metadatos suministrados por el editor y otras fuentes.
590 _aRecurso electrónico. Santa Fe, Arg.: elibro, 2022. Disponible vía World Wide Web. El acceso puede estar limitado para las bibliotecas afiliadas a elibro.
650 0 _aArt, Latin American.
650 4 _aArte latinoamericano.
655 4 _aLibros electrónicos.
797 2 _aelibro, Corp.
856 4 0 _uhttps://elibro.net/ereader/politecnicointernacional/208990
999 _c95931
_d95931